Ushakkulla Kathu / (Record no. 535)
[ view plain ]
| 000 -LEADER | |
|---|---|
| fixed length control field | 00482cam a2200181ua 4500 |
| 041 ## - LANGUAGE CODE | |
| Language code of text/sound track or separate title | mal |
| 082 ## - DEWEY DECIMAL CLASSIFICATION NUMBER | |
| Classification number | 894.812 803 55 |
| Item number | KRI/IS |
| 100 ## - MAIN ENTRY--AUTHOR NAME | |
| Personal name | Krishnapillai, C R . |
| 245 ## - TITLE STATEMENT | |
| Title | Ushakkulla Kathu / |
| 260 ## - PUBLICATION, DISTRIBUTION, ETC. (IMPRINT) | |
| Place of publication | : |
| Name of publisher | Janatha Printing & Publishing Co. Pvt. Ltd , |
| Year of publication | 1956. |
| 300 ## - PHYSICAL DESCRIPTION | |
| Number of Pages | 191 ; . |
| 650 ## - SUBJECT ADDED ENTRY--TOPICAL TERM | |
| Topical Term | Travelogue - Malayalam |
| 942 ## - ADDED ENTRY ELEMENTS (KOHA) | |
| Koha item type | Books |
| Withdrawn status | Lost status | Damaged status | Home library | Current library | Date acquired | Full call number | Accession Number | Koha item type |
|---|---|---|---|---|---|---|---|---|
| Withdrawn | KAUAET | Malayalam University | 07/04/2012 | 894.812 803 55 | 5633 | Books |
